000 00645nam a2200181 i 4500
001 25979
003 ES-MaACL
005 20250831121726.0
007 t|
008 030107s1887 sp ||||1| spa d
110 2 _aAsociación para la Reforma de los Aranceles de Aduanas
_91779
245 1 0 _aMeeting librecambista celebrado en el Teatro Real el día 1º de mayo de 1887 /
_cAsociación para la Reforma de los Aranceles de Aduanas.
260 _aMadrid :
_b[s.n.],
_c1887 (
_fImp. de Enrique de la Riva)
300 _a57 p. ;
_c22 cm.
852 _aES-MaACL
_jFol-Laf-238
852 _aES-MaACL
_jT-467-F-5
999 _c25979
_d25979